000 00460nam a2200145 a 4500
001 000044730
005 20201002045601.0
008 150108s2007 dr 000 0 spa d
040 _aDO-SdBNP
_bspa
_cBNPHU
082 _axxxxxx
_bxxxxxx
245 0 0 _aCoyuntura política nacionale internacional y táctica política del PTD, ML.
260 _aSanto Domingo :
_bMediabyte,
_c2007.
300 _a49 p. ;
_c21 cm.
500 _aResoluciones del VIII Congreso Nacional
999 _c44219
_d44219